000 01113cam a2200289 i 4500
005 20171212141901.0
008 160826s1982 ru a f |000 0 rusoc
035 _axx003774795
039 9 _a201706130938
_bkopilwa
_c201702080134
_dVLOAD
_c201702070146
_dVLOAD
_c201609140211
_dVLOAD
_y201608260913
_zvaski
040 _aKIEL 010/ES
_cKIEL 010/ES
_dKIEL 010/ES
041 1 _arus
_heng
100 1 _aDance, John Brian.
240 1 0 _aOp-amps
_l(ros.)
245 1 0 _aOperacionnye usiliteli :
_bprincip raboty i primenenie / Dž. B. Dans ; perevod s anglijskogo S. M. Smol'skogo pod redakciej E. A. Bogatyreva.
260 _aMoskva :
_bÈnergoizdat,
_c1982.
300 _a79, [1] s. :
_bil. ;
_c20 cm.
336 _aTekst
_btxt
_2rdacontent
337 _aBez urządzenia pośredniczącego
_bn
_2rdamedia
338 _aWolumin
_bnc
_2rdacarrier
504 _aBibliogr. s. 78.
700 1 _aGarkunov, Dmitrij Nikolaevič.
_eRed.
700 1 _aSmol'skij, Sergej Mihajlovič
_d(1946- ).
_eTł.
700 1 _aBogatyrev, Evgenij Alekseevič.
_eRed.
710 2 _aÈnergoizdat (Moskwa).
_4pbl
951 _aKIEL_010
961 _aWA_310
999 _aVIRTUA
_c18784
_d18784